=LDR 00000nam 2200000 4500 =001 INLIS000000000041190 =005 20130612150734 =008 ***********************************ind** =035 ##$$0010-061300000041190 =041 ##$$a ind =082 ##$$a 813 =090 ##$$a 813, Del p =100 ##$$a Delacorte, Shawna =245 ##$$a Pria terbaik untuk Jean/Shawna Delacorte; alih bahasa, L. Meisa Chandra =260 ##$$a 2011 $b Jakarta =650 ##$$a Fiksi =700 ##$$a Chandra L. Meisa =850 ##$$a NBPNMAT =990 ##$$a 21196053/BPAP-NTB/2014 =990 ##$$a 2090100998/BPAP-NTB/2015 =990 ##$$a 21602320/BPAP-NTB/2017